000 00675cam a22002413a 4500
001 15607
003 PGUSA
005 20140828083332.0
008 050412s2005||||xxu|||||s|||||000 1 eng d
040 _aPGUSA
_beng
042 _adc
050 4 _aPS
100 1 _aHolmes, Mary Jane,
_d1825-1907
245 1 0 _aFamily Pride; Or, Purified by Suffering
_h[electronic resource] /
_cMary Jane Holmes
260 _bProject Gutenberg,
_c2005
506 _aPublic domain in the USA.
516 _aElectronic text
653 _aDime novels
653 _aAmerican fiction
830 0 _aProject Gutenberg
_v15607
856 4 0 _uhttp://www.gutenberg.org/ebooks/15607
942 _cEB
999 _c244862
_d244862